000 01095pab a2200169 454500
008 180718b2002 xxu||||| |||| 00| 0 eng d
100 _aVyas, Anju
245 _aConnecting voices and expanding horizons
260 _c2002
300 _ap.55-60
362 _aDec
520 _aAnju Vyas describes the genesis, developments, doubts, dilemmas and challenges of moderating BOL, an electronic discussion list on gender issues in South Asia. She elaborates on the contents, subscribers; profile, methodology and technical issues relating to BOL. She strongly feels that e-discussion lists have immense potential for resource sharing, networking and advocacy activities which need to be fully explored and utilized by the women's groups and researchers in the South Asian region. She further shares her optimism about how this simple e-mail technology can connect researchers globally, forge collaborations and share information through the e-mail networks, and connect the people. - Reproduced.
650 _aInformation
650 _aElectronic mail
773 _aDevelopment
909 _a56111
999 _c56111
_d56111